| 000 | 00572nam a2200169 a 4500 | ||
|---|---|---|---|
| 005 | 20240919064354.0 | ||
| 008 | 991125s1910 mx 000 0 spa u | ||
| 035 | _aUPN01000028604 | ||
| 049 | _aLT | ||
| 050 | 4 |
_aLB1592 M6 _bM4.3 1910 |
|
| 100 | 1 |
_aMéndez de Cuenca, Laura, _d1853-1928 |
|
| 245 | 1 | 3 |
_aEl hogar mexicano : _bnociones de economía doméstica para uso de las alumnas de instrucción primaria : segunda parte / _cLaura Méndez de Cuenca. |
| 260 |
_aMéxico : _bHerrero, _c1910. |
||
| 300 | _a110 p. | ||
| 650 | 4 |
_aEconomía doméstica _912269 |
|
| 905 | _aLibro | ||
| 999 |
_c28604 _d28604 |
||